Loading...
| Science - Physics | 0 | 12 | 1 | 0 | 115 | 63 | 92.50 | 1 | 9 |
| Literature - World Literature | 0 | 11 | 0 | 1 | 110 | 51 | 96.64 | 6 | 11 |
| Literature - European Literature | 0 | 10 | 0 | 0 | 100 | 62 | 99.40 | 3 | 8 |
| Mythology | 0 | 9 | 1 | 1 | 85 | 42 | 80.22 | 4 | 7 |
| Fine Arts - Painting & Sculpture | 0 | 7 | 0 | 0 | 70 | 49 | 92.86 | 1 | 7 |
| Science - Chemistry | 0 | 6 | 1 | 1 | 55 | 83 | 105.33 | 1 | 5 |
| Literature - British Literature | 0 | 6 | 1 | 1 | 55 | 84 | 108.17 | 1 | 3 |
| Science - Other Science | 0 | 3 | 0 | 0 | 30 | 98 | 107.67 | 0 | 3 |
| Philosophy | 0 | 3 | 1 | 1 | 25 | 101 | 113.33 | 0 | 0 |
| History - European History | 0 | 3 | 1 | 0 | 25 | 98 | 105.00 | 0 | 0 |
| Fine Arts - Other Fine Arts | 0 | 3 | 1 | 1 | 25 | 60 | 78.33 | 2 | 2 |
| History - Other History | 0 | 3 | 1 | 1 | 25 | 62 | 104.00 | 1 | 3 |
| Religion | 0 | 2 | 0 | 0 | 20 | 69 | 97.50 | 0 | 1 |
| Other | 0 | 2 | 0 | 0 | 20 | 45 | 45.00 | 2 | 2 |
| Literature - American Literature | 0 | 3 | 3 | 0 | 15 | 104 | 108.33 | 1 | 2 |
| History - World History | 0 | 1 | 0 | 0 | 10 | 72 | 72.00 | 1 | 1 |
| Science - Biology | 0 | 0 | 1 | 0 | -5 | 0.00 | 0 | 0 |